| 000 | 00425nam a22001337a 4500 | ||
|---|---|---|---|
| 999 |
_c515637 _d515637 |
||
| 008 | 210203b ||||| |||| 00| 0 eng d | ||
| 100 |
_aBanerjee, Abhijit Vinayak. _924068 |
||
| 245 | _aField experiments and the practice of economics | ||
| 260 | _aThe American Economic Review | ||
| 300 | _a110(7), Jul, 2020: p.1937-1951 | ||
| 773 | _aThe American Economic Review | ||
| 906 | _aECONOMICS - EXPERIMENTS | ||
| 942 | _cAR | ||